LEADER 01406nam a2200337 a 4500 001 000000165643 003 CaOOAMICUS 005 20180202093720.0 008 180202s2017 it u000 u ita r 020 $a978-88-01-04713-4* 032 $aLibriCat 040 $aPUL$bita 082 04$a227 100 1 $aRota Scalabrini, Patrizio.$0(OLS)http://pul/name/106751 245 10$aSedotti dalla Parola :$bintroduzione ai libri profetici /$cPatrizio Rota Scalabrini. 260 $aTorino :$bElledici,$c©2017. 300 $a462 p. ;$c22 cm. 490 1 $aGraphé ;$v05 504 $aBibliografia p. 433-448. 630 04$aBiblia.$pV.T.$pProphetae$xCritica e interpretazione.$0(OLS)http://pul/subject/28065 700 1 $aBroccardo, Carlo,$csac.,$d1972-$0(OLS)http://pul/name/64628 700 1 $aGirolami, Maurizio.$0(OLS)http://pul/name/77333 830 0$aGraphé ;$v05.$0(OLS)http://pul/title/174483 850 $aPUL 852 $aPUL$W1$xSL Religione 3$y85$m220 COLL 9.5$j189968$qDDC 21$B192996$CPULBib$Z2$F192996 $H130342 $81 941 1 $a9 996 $6020$a978-88-01-04713-4*$9(OLS)http://pul/number/163336 996 $6082$a227$9(OLS)http://pul/classification/522 996 $6245$aSedotti dalla Parola :$bintroduzione ai libri profetici$9(OLS)http://pul/title/205325 996 $6260$aTorino :$bElledici$9(OLS)http://pul/publisher/67321 LEADER 01301nam a2200277 a 4500 001 000000166845 003 CaOOAMICUS 005 20180323115906.0 008 180323s1971 it u000 u ita r 032 $aLibriCat 040 $aPUL$bita 100 1 $aNietzsche, Friedrich Wilhelm,$d1844-1900.$0(OLS)http://pul/name/664 245 10$aAurora :$bscelta di frammenti postumi /$cFriedrich Nietzsche ; a cura di Giorgio Colli e Mazzino Montinari ; con una cronologia della vita dell'Autore e dei suoi tempi e note introduttive ; versioni di Ferruccio Masini e Mazzino Montinari. 260 $aMilano :$bA. Mondadori,$c1971. 300 $aLIX, 422 p. ;$c19 cm. 490 1 $aOscar 700 1 $aMontinari, Mazzino.$0(OLS)http://pul/name/23175 700 1 $aColli, Giorgio,$d1917-1979.$0(OLS)http://pul/name/9006 700 1 $aMasini, Ferruccio,$d1938-1988.$0(OLS)http://pul/name/5691 830 0$aOscar Mondadori.$0(OLS)http://pul/title/18338 850 $aPUL 852 $aPUL$W1$xDP1 Fondo Dalla Palma$y117$m1 B 73$j151332$qFondi$B194357$CPULBib$Z2$F194357 $HDal2746 $81 941 1 $a1 996 $6245$aAurora :$bscelta di frammenti postumi$9(OLS)http://pul/title/206622 996 $6260$aMilano :$bA. Mondadori$9(OLS)http://pul/publisher/48249